| 000 | 00918nam0a22002291 4500 | ||
|---|---|---|---|
| 001 | rc\610654 | ||
| 005 | 20250621182746.0 | ||
| 035 | _a(NLR Aleph) 005854348 | ||
| 090 |
_a5811932 _c5811932 |
||
| 100 | _a20031121d1986 |||y0rusy50 ca | ||
| 101 | 0 | _arus | |
| 102 | _aRU | ||
| 105 | _ay ||||||||| | ||
| 200 | 1 |
_aСистемы машин и оборудования для производства железобетонных изделий для жилищно-гражданского и промышленного строительства на 1986-1996 годы _eМС 2204-2-84 _fМ-во строит., дорож. и коммун. машиностроения |
|
| 210 |
_aМ. _cЦНИИТЭстроймаш _d1986 |
||
| 215 |
_a[1], 29 с. _d14х21 |
||
| 333 | _aДСП. Экз. № 000015 | ||
| 801 | 0 |
_aRU _bNLR _gpsbo |
|
| 801 | 1 |
_aRU _bELAR _2rusmarc |
|
| 852 |
_aNLR _j86-50К/9807 |
||
| 942 | _cBOOK | ||
| 980 | _aNB | ||